000 00235nam a2200097Ia 4500
008 231107s2003 xx 000 0 und d
041 _aeng
100 _afutugawa Y.
245 _aGA Houses 38
260 _aTokyo
_bA.D.A. Editta pub.
_c2003
999 _c924350
_d924350